000 00972nam a2200265 i 4500
001 000045349
003 DO-SdBNP
005 20240508151958.0
007 ta
008 150304s2014 dr ab 001 0 spa d
020 _a9789945586213
040 _aDO-SdBNP
_bspa
_cBNPHU
_erda
082 4 _222
245 0 0 _aPropuesta de una corporación azucarera dominicana :
_binforme de Coverdale & Colpits 1° Abril 1958 /
_cestudio introductorio, Frank Báez Evertsz
264 _aSanto Domingo :
_bArchivo General de la Nación,
_c2014.
300 _a307 páginas :
_bilustraciones, mapas ;
_c23 cm.
336 _2rdacontent
_atexto
_btxt
337 _2rdamedia
_asin mediación
_bn
338 _2rdacarrier
_avolumen
_bnc
490 _aArchivo General de la Nación
_v216
500 _aIncluye referencias bibliográficas y notas al pie de las páginas.
590 _aInventariado, 2024/BT
700 1 _aBáez Evertsz, Frank,
_eestudio introductorio
_958796
942 _2ddc
_cLBS1
999 _c44838
_d44838